Szczegóły MARC21

Zabawy i gry ruchowe w kształceniu zintegrowanym /

005 -DATA I CZAS OSTATNIEJ MODYFIKACJI [,]
    • @
    • pole kontrolne
    • 20080314103934.0
020 -Międzynarod. znormalizowany nr książki - ISBN [ , ]
    • a
    • Numer ISBN
    • 839071339X Find
040 -Instytucja sporządzająca opis [ , ]
    • a
    • Instytucja, która sporządziła opis (NP)
    • SZCZ U/BK
    • c
    • Instytucja, która sporządziła rekord (NP)
    • SZCZ U/BK
    • d
    • Instytucja, która zmodyfikowała rekord (P)
    • SZCZ U/JŚ
041 -Język dokumentu [0, ]
    • a
    • Język tekstu (P)
    • polski
044 -Kraj miejsca wydania [ , ]
    • a
    • Kraj miejsca wydania
    • Polska
942 -Rodzaj dokumentu [ , ]
    • c
    • Rodzaj dokumentu
    • Książka
100 -Hasło główne - nazwa osobowa [1, ]
    • a
    • Nazwa osobowa (NP)
    • Muszkieta, Radosław
245 -Strefa tytułu i oznaczenia odpowiedzialności [1,0]
    • a
    • Tytuł
    • Zabawy i gry ruchowe w kształceniu zintegrowanym / Find
    • c
    • Pozostałe elementy strefy tytułu i oznaczenia odpowiedzialności (NP)
    • Radosław Muszkieta, Michał Bronikowski.
260 -Strefa adresu wydawniczego [ , ]
    • a
    • Miejsce wydania (P)
    • Poznań :
    • c
    • Data wydania (P)
    • [2002?].
    • b
    • Nazwa wydawcy (P)
    • Pracownia Wydawnicza "Helvetica",
300 -Strefa opisu fizycznego [ , ]
    • a
    • Określenie formy książki i/lub objętość (NP)
    • 216 s. :
    • b
    • Oznaczenie ilustracji (NP)
    • il. ;
    • c
    • Format (NP)
    • 21 cm.
504 -Uwaga dot. bibliogr. załącznikowej [ , ]
    • a
    • Uwaga dot. bibliografii załącznikowej
    • Bibliogr.
080 -Uniwersalna Klasyfikacja Dziesiętna [ , ]
    • 2
    • Identyfikator wydania tablic
    • UDC-P058
    • a
    • Symbol klasyfikacji
    • 37.043
    • b
    • Dopowiedzenie
    • Wychowanie w grupie. Nauczanie integracyjne lub oddzielne. Koedukacja. Nauczanie integracyjne dzieci zdrowych i niepełnosprawnych.
    • x
    • Poddział wspólny
    • (438)
    • b
    • Dopowiedzenie
    • (Polska).
    • x
    • Poddział wspólny
    • (072)
    • b
    • Dopowiedzenie
    • (Materiały do nauczania dla nauczycieli).
080 -Uniwersalna Klasyfikacja Dziesiętna [ , ]
    • 2
    • Identyfikator wydania tablic
    • UDC-P058
    • a
    • Symbol klasyfikacji
    • 796.1
    • b
    • Dopowiedzenie
    • Gry i zabawy na wolnym powietrzu. Gry i zabawy ruchowe. Gry i zabawy dziecięce na wolnym powietrzu. Gry terenowe.
    • x
    • Poddział wspólny
    • (438)
    • b
    • Dopowiedzenie
    • (Polska).
    • x
    • Poddział wspólny
    • (072)
    • b
    • Dopowiedzenie
    • (Materiały do nauczania dla nauczycieli).
980 -Symbol UKD [ , ]
    • a
    • UKD
    • 37.043:796.1](438)(072)
700 -Hasło dodatkowe - nazwa osobowa [1, ]
    • a
    • Nazwa osobowa (NP)
    • Bronikowski, Michał Find
920 -ISBN [ , ]
    • a
    • ISBN
    • 83-907133-9-X Find
Data inwentaryzacji Status udost. Sygnatura Lokalizacja Numer inwentarzowy
2008-02-151Gry i zabawy 43BMWF.8220